<?xml version="1.0" encoding="UTF-8"?>
<collection xmlns="http://www.loc.gov/MARC21/slim">
 <record>
  <leader>01617nam0a2200325   4500</leader>
  <controlfield tag="001">in00000003056</controlfield>
  <controlfield tag="005">20230112175519.8</controlfield>
  <datafield tag="010" ind1=" " ind2=" ">
   <subfield code="a">978-7-5478-1746-9</subfield>
   <subfield code="d">CNY37.00</subfield>
  </datafield>
  <datafield tag="035" ind1=" " ind2=" ">
   <subfield code="a">006807838</subfield>
  </datafield>
  <datafield tag="090" ind1=" " ind2=" ">
   <subfield code="a">TB23</subfield>
   <subfield code="b">zh</subfield>
  </datafield>
  <datafield tag="100" ind1=" " ind2=" ">
   <subfield code="a">20140429d2013    em y0chiy50      ea</subfield>
  </datafield>
  <datafield tag="101" ind1="0" ind2=" ">
   <subfield code="a">chi</subfield>
  </datafield>
  <datafield tag="102" ind1=" " ind2=" ">
   <subfield code="a">CN</subfield>
   <subfield code="b">310000</subfield>
  </datafield>
  <datafield tag="105" ind1=" " ind2=" ">
   <subfield code="a">a   z   000yy</subfield>
  </datafield>
  <datafield tag="106" ind1=" " ind2=" ">
   <subfield code="a">r</subfield>
  </datafield>
  <datafield tag="200" ind1="1" ind2=" ">
   <subfield code="a">画法几何及工程制图</subfield>
   <subfield code="9">hua fa ji he ji gong cheng zhi tu</subfield>
   <subfield code="f">朱辉[等]编</subfield>
  </datafield>
  <datafield tag="205" ind1=" " ind2=" ">
   <subfield code="a">7版</subfield>
  </datafield>
  <datafield tag="210" ind1=" " ind2=" ">
   <subfield code="a">上海</subfield>
   <subfield code="c">上海科学技术出版社</subfield>
   <subfield code="d">2013</subfield>
  </datafield>
  <datafield tag="215" ind1=" " ind2=" ">
   <subfield code="a">382页</subfield>
   <subfield code="c">图</subfield>
   <subfield code="d">26cm</subfield>
   <subfield code="e">1光盘</subfield>
  </datafield>
  <datafield tag="300" ind1=" " ind2=" ">
   <subfield code="a">普通高等教育“十一五”国家级规划教材</subfield>
  </datafield>
  <datafield tag="304" ind1=" " ind2=" ">
   <subfield code="a">编者还有：单鸿波， 曹桄，金怡</subfield>
  </datafield>
  <datafield tag="307" ind1=" " ind2=" ">
   <subfield code="a">附光盘：ISBN 978-7-900536-00-6</subfield>
  </datafield>
  <datafield tag="330" ind1=" " ind2=" ">
   <subfield code="a">本书分5篇18章。第1篇画法几何，分5章：点和直线，平面，投影变换，常用曲线与曲面，立体。第2篇制图基础，分4章：制图的基本知识与技能，组合体的视图，零件常用的表达方法，轴测投影图。第3篇零件图与装配图，分5章：零件图，极限与配合、几何公差，常用件，零件的连接，装配图。第4篇计算机绘图，分2章：计算机辅助二维图形的绘制，计算机辅助三维图形的绘制。第5篇其他图样，分2章：展开图，焊接图。</subfield>
  </datafield>
  <datafield tag="606" ind1="0" ind2=" ">
   <subfield code="a">画法几何</subfield>
   <subfield code="x">高等学校</subfield>
   <subfield code="j">教材</subfield>
  </datafield>
  <datafield tag="606" ind1="0" ind2=" ">
   <subfield code="a">工程制图</subfield>
   <subfield code="x">高等学校</subfield>
   <subfield code="j">教材</subfield>
  </datafield>
  <datafield tag="606" ind1="0" ind2=" ">
   <subfield code="a">画法几何</subfield>
  </datafield>
  <datafield tag="606" ind1="0" ind2=" ">
   <subfield code="a">工程制图</subfield>
  </datafield>
  <datafield tag="690" ind1=" " ind2=" ">
   <subfield code="a">TB23</subfield>
   <subfield code="v">5</subfield>
  </datafield>
  <datafield tag="701" ind1=" " ind2="0">
   <subfield code="a">朱辉</subfield>
   <subfield code="9">zhu hui</subfield>
   <subfield code="f">(1934~)</subfield>
   <subfield code="4">编</subfield>
  </datafield>
  <datafield tag="999" ind1="f" ind2="f">
   <subfield code="s">97d989da-717d-4c1c-87e1-0b21b82c944a</subfield>
   <subfield code="i">a46069d9-55d4-46b8-98b1-34637c49502b</subfield>
  </datafield>
 </record>
</collection>
